Contemporary Indian political theory (Record no. 105798)

MARC details
000 -LEADER
fixed length control field 00392nam a2200157Ia 4500
008 - FIXED-LENGTH DATA ELEMENTS--GENERAL INFORMATION
fixed length control field 230917s9999||||xx |||||||||||||| ||und||
020 ## - ISBN
Price RS27
040 ## - CATALOGING SOURCE
-- 6892
Original cataloging agency VIVEKANANDA LIBRARY
041 ## - Language
-- English
082 ## - DDC NUMBER
Classification number 320.50954 M726C
100 ## - MAIN ENTRY--PERSONAL NAME
Personal name Mohanty, Manoranjan
245 #0 - TITLE STATEMENT
Title Contemporary Indian political theory
260 ## - PUBLICATION, DISTRIBUTION, ETC. (IMPRINT)
Place of publication, distribution, etc New Delhi
Name of publisher, distributor, etc Samskriti
Date of publication, distribution, etc 2000
300 ## - PHYSICAL DESCRIPTION
Pages xi, 109 p.
942 ## - ADDED ENTRY ELEMENTS (KOHA)
Koha item type Books
Holdings
Withdrawn status Lost status Damaged status Not for loan Location (home branch) Sublocation or collection (holding branch) Date acquired Koha issues (times borrowed) Koha full call number Accession No. Koha date last seen Koha item type
        VIVEKANANDA LIBRARY VIVEKANANDA LIBRARY 28/08/2002   320.50954 M726C 191251 17/09/2023 Books
© Designed and Maintained by Vivekananda Library, MDU Rohtak